| 000 | 00330nam a2200121Ia 4500 | ||
|---|---|---|---|
| 008 | 220901s9999||||xx |||||||||||||| ||und|| | ||
| 082 | _a621.3678 MAH | ||
| 100 | _aMehrotra, Puneet | ||
| 245 | 0 | _aJournal of remote sensing and GIS | |
| 250 | _aVol. 11 Issue 1, 2 & 3 | ||
| 260 |
_bSTM Journals _c2020 |
||
| 650 | _aRadar engineering | ||
| 999 |
_c194112 _d194112 |
||